000 00177nam a2200073Ia 4500
008 170817s9999 xx 000 0 und d
100 _aSHARMA RAMA
245 0 _aGRAH VIGYAN SHIKSHAN
260 _bGOEL PUB. JAIPUR
999 _c36483
_d36483